Catálogo

Beyond humanity? : (Registro nro. 67426)

Detalles MARC
000 -LEADER
fixed length control field 00830nam a2200253 u 4500
001 - CONTROL NUMBER
control field 67426
005 - DATE AND TIME OF LATEST TRANSACTION
control field 20200810150347.0
008 - FIXED-LENGTH DATA ELEMENTS--GENERAL INFORMATION
fixed length control field 170529s2013 xxu r 000 0 eng d
020 ## - INTERNATIONAL STANDARD BOOK NUMBER
International Standard Book Number 9780199671496
040 ## - CATALOGING SOURCE
Description conventions rda
041 0# - LANGUAGE CODE
Language code of text/sound track or separate title eng
082 0# - DEWEY DECIMAL CLASSIFICATION NUMBER
Classification number 174.2
Item number BUC
100 1# - MAIN ENTRY--PERSONAL NAME
Personal name Buchanan, Allen E.,
Dates associated with a name 1948
Relator term autor
9 (RLIN) 4610
245 10 - TITLE STATEMENT
Title Beyond humanity? :
Remainder of title the ethics of biomedical enhancement /
Statement of responsibility, etc. Allen Buchanan.
250 ## - EDITION STATEMENT
Edition statement First edition
264 #1 - PRODUCTION, PUBLICATION, DISTRIBUTION, MANUFACTURE, AND COPYRIGHT NOTICE
Place of production, publication, distribution, manufacture United States of America :
Name of producer, publisher, distributor, manufacturer Oxford University Press,
Date of production, publication, distribution, manufacture, or copyright notice 2013
300 ## - PHYSICAL DESCRIPTION
Extent xii, 286 páginas ;
Dimensions 22 cm.
336 ## - CONTENT TYPE
Content type term texto
Source rdacontent
Content type code txt
337 ## - MEDIA TYPE
Media type term sin medio
Source rdamedia
Media type code n
338 ## - CARRIER TYPE
Carrier type term volumen
Source rdacarrier
Carrier type code nc
650 #4 - SUBJECT ADDED ENTRY--TOPICAL TERM
Topical term or geographic name entry element Innovaciones médicas
General subdivision Aspectos morales y éticos
650 #4 - SUBJECT ADDED ENTRY--TOPICAL TERM
Topical term or geographic name entry element Mejora biomédica
General subdivision Ética
942 ## - ADDED ENTRY ELEMENTS (KOHA)
Classification part 174.2
Item part BUC
Koha item type Libro
Existencias
Withdrawn status Lost status Source of classification or shelving scheme Damaged status Not for loan Collection code Home library Current library Shelving location Date acquired Source of acquisition Total Checkouts Full call number Barcode Checked out Date last seen Date last checked out Price effective from Koha item type
    Dewey Decimal Classification     Magisterial Biblioteca Karol Wojtyla Biblioteca Karol Wojtyla Módulo de circulación 29/05/2017 Compra 1 174.2 BUC 2013 97765 23/08/2017 23/08/2017 23/08/2017 14/06/2017 Magisterial